| 000 | 00489nam a2200157 a 4500 | ||
|---|---|---|---|
| 001 | 000041440 | ||
| 005 | 20201002034906.0 | ||
| 008 | 131004s1967 sp 000 0 spa d | ||
| 040 |
_aDO-SdBNP _bspa _cBNPHU |
||
| 082 |
_axxx _bxxx |
||
| 100 | 1 |
_aFell, René _968113 |
|
| 245 | 1 | 0 |
_aApuntes de periodismo : _bpresente y futuro de una profesión. / _cRené Fell, G. Martín Vivaldi. |
| 260 |
_aMadrid : _bParaninfo, _c1967. |
||
| 300 |
_a236 p. ; _c21 cm. |
||
| 700 | 1 |
_aVivaldi, G. Martín _968114 |
|
| 999 |
_c40930 _d40930 |
||